Halte des Fernverkehrs der Schweiz #2 - Statistiken

Allgemein
  • Dieses Quiz wurde 115 mal gespielt
    110 seit der letzten Aktualisierung
  • Das Durchschnittsergebnis liegt bei 42 aus 48
Antwortstatistiken
Haltestellen % Korrekt
Basel SBB
100%
Basel SBB
100%
Basel SBB
100%
Bern
100%
Bern
100%
Bern
100%
Bern
100%
Zürich HB
100%
Zürich HB
100%
Zürich HB
100%
Olten
97%
Olten
97%
Olten
97%
Thun
93%
Thun
93%
Thun
93%
Thun
93%
Winterthur
93%
Winterthur
93%
Zürich Flughafen
90%
Zürich Flughafen
90%
Bellinzona
88%
Lugano
88%
Luzern
88%
Brig
85%
Brig
85%
Romanshorn
85%
Romanshorn
85%
Spiez
83%
Spiez
83%
Spiez
83%
Spiez
83%
Visp
83%
Visp
83%
Frauenfeld
81%
Frauenfeld
81%
Liestal
81%
Liestal
81%
Arth-Goldau
80%
Interlaken Ost
80%
Interlaken Ost
80%
Interlaken West
80%
Interlaken West
80%
Schaffhausen
75%
Weinfelden
73%
Weinfelden
73%
Amriswil
66%
Amriswil
66%
Keine übereinstimmenden Quizze gefunden
Verteilung der Resultate
Anzahl Personen mit jedem Resultat
Perzentil nach korrekt beantworteten Fragen
Ihre Resultats-Entwicklung
Sie haben dieses Quiz seit der letzten Aktualisierung nicht gespielt